Science Quiz

Random Science or Biology Quiz

Non-Mammals Starting with H-J Quiz Stats

 Plays Quiz not verified by Sporcle

Score 0/10 Timer 08:00
0 Plays Today
% Correct
Hummingbird
93.5%
Hammerhead Shark
92.2%
Hawk
86.9%
Jellyfish
85%
Iguana
81%
Hornet
80.4%
Heron
79.7%
Hermit Crab
77.1%
Horseshoe Crab
68.6%
Ibis
60.8%

You're not logged in!

Compare scores with friends on all Sporcle quizzes.
OR
Log In

Show Comments

Extras

Top Quizzes Today


Score Distribution

Your Account Isn't Verified!

In order to create a playlist on Sporcle, you need to verify the email address you used during registration. Go to your Sporcle Settings to finish the process.

Report this User

Report this user for behavior that violates our Community Guidelines.

Details: